000 01193cam a2200289 a 4500
020 _a9781849712064 (pbk.)
020 _a9789251064825 (pbk.)
020 _a9781849712057 (hardback)
020 _a9789251064825 (FAO isbn)
040 _cDLC
082 0 0 _a338 FAO 2011 A015 Or.
245 0 0 _aPlant genetic resources and food security :
_bstakeholder perspectives on the international treaty on plant genetic resources for food and agriculture /
246 3 0 _aStakeholder perspectives on the international treaty on plant genetic resources for food and agriculture
260 _aLondon ;
_aNew York :
_bEarthscan :
_bFAO :
_bBiodiversity International,
_c2011.
300 _axxxii, 321 p. :
_bill., 1 map ;
_c24 cm.
490 0 _aIssues in agricultural biodiversity
500 _a"Published by The Food and Agriculture Organization of the United Nations and Biodiversity International with Earthscan."
650 0 _aGermplasm resources, Plant.
650 0 _aCrops
650 0 _aFood crops
650 0 _aPlant genetic engineering.
650 0 _aFood security.
700 1 _aFrison, Christine.
700 1 _aLópez, Francisco.
700 1 _aEsquinas-Alcazar, J. T.
942 _cEK
999 _c11584
_d11584